1579 1041 1525 1039 1468 1846 1790 1706 1566 1231 1281 1915 1474 1786 1262 1160 1493 1073 1986 1400 1357 1432 1567 1961 1999 1462 1857 1706 1706 1742 1354 1809 1102 1866 1996 1541 1511 1499 1110 1210 1652 1388 1048 1841 1585 1722 1483 1787 1413 1674 1919 1760 1186 1507 1720 1406 1390 1881 1889 1192 1303 1413 1444 1371 1853 1264 1259 1200 1284 1743 1425 1375 1945 1253 1977 1306 1359 1064 1919 1660 1481 1543 1949 1185 1450 1235 1077 1691 1866 1855 1389 1121 1880 1551 1623 1570 1134 1843 1855 BCNSPRNW ULIB Ver.6.0+V

เปลี่ยนเป็นภาษาไทย

Change to English
 แสดงรายละเอียดบรรณานุกรม
  กลับหน้าหลัก

Brief Record : Get Marc (ISO 2709) : E-mail record : QR code < ปิดหน้าต่าง
LEADER : 00000nam 2200000uu 4500
001    13399114937
003     ULIB
008    120622s2545||||th 000 0 tha d
020    ^a9749031849
060 04 ^aWS350^bว618ต 2545
245 00 ^aตำราจิตเวชเด็กและวัยรุ่น /^cบรรณาธิการ วินัดดา ปิยะศิลป์,พนม เกตุมาน
250    ^aพิมพ์ครั้งที่ 1
260    ^a[กรุงเทพฯ] :^bชมรมจิตแพทย์เด็กและวัยรุ่น,^c2545
300    ^axiii, 447 หน้า :^bภาพประกอบ ;^c27 ซม.
504    ^aบรรณานุกรมและดรรชนี
650  2 ^aChild Psychiatry
650  2 ^aAdolescent Psychiatry
650  7 ^aจิตวิทยาเด็ก
650  7 ^aจิตวิทยาวัยรุ่น
653    ^aผลงานอาจารย์คณะแพทยศาสตร์ศิริราชพยาบาล
700 0  ^aวินัดดา ปิยะศิลป์,^eบรรณาธิการ
700 0  ^aพนม เกตุมาน,^eบรรณาธิการ
945    ^p480^l0^i11987
945    ^p480^l0^i11984
995    ^aกัณชพร
999    ^aใช้งานได้ทุกระบบ
รายการนี้ยังไม่มีแท็ก
คุณยังไม่ได้ล็อกอิน คุณสามารถมีกิจกรรมร่วมกับเว็บไซต์ได้ แต่ต้องล็อกอินก่อน ::
  ล็อกอิน

รายการสื่อสารสนเทศ

ลำดับที่ ประเภท เลขเรียก/บาร์โค้ด สถานที่ สถานะ
- ไม่พบข้อมูล -

รายการใกล้เคียง
    หัวเรื่อง [Child Psychiatry]
    หัวเรื่อง [Adolescent Psychiatry]
    หัวเรื่อง [จิตวิทยาเด็ก]
    หัวเรื่อง [จิตวิทยาวัยรุ่น]

BibComment


ยังไม่เคยถูกคอมเมนท์

คอมเมนท์ทรัพยากรรายการนี้
  คอมเมนท์: ตำราจิตเวชเด็กแล..


 Copyright 2026. Bcnsprnw @Library